000 00682nam a2200241Ia 4500
003 OSt
005 20220918224324.0
006 a|||||r|||| 00| 0
007 ta
008 220917b |||||||| |||| 00| 0 eng d
024 _a227,614
037 _cTextual
040 _aARTS
_cARTS
_beng
041 _2eng
_aeng
082 _aT4.247, P5
100 _aTareen Jalees A.K.
_9147689
245 0 _aFire under snowflakes
_b The return of Kashmir University
260 _aNew Delhi
_bMittal pub.
_c2005
300 _axiv, 225p
_ccm.
650 _aHIGHER EDUCATION; EDUCATION
_992960
942 _hT4.247, P5
_cTEXL
_2CC
999 _c280877
_d280877